Století zázraků /

Hlavní autor: Štětina, Jaromír, 1943-2025
Další autoři: Volencová, Dagmar, 1951-
Jazyk: Čeština
Vydáno: Praha : Nakladatelství Lidové noviny, 2000
Vydání: Vyd. 1.
Edice: Mormolyce
Témata:
Externí odkaz: Digitalizovaný dokument
Fyzický popis: 367 s. : il. ; 20 cm
Knihy
Uloženo v:
LEADER 01284nam a2200337 a 4500
001 000466356
003 CZ BrMZK
005 20061122143358.0
007 ta
008 010907s2000 xr g j cze d
015 |a cnb000884592 
020 |a 80-7106-384-3 
035 |a (OCoLC)45372550 
040 |a BOA001  |b cze 
072 7 |a 821.162.3-3  |x Česká próza  |2 Konspekt  |9 25 
080 |a 821.162.3-32  |2 MRF 
080 |a (0:82-32)  |2 MRF 
100 1 |a Štětina, Jaromír,  |d 1943-2025  |7 jk01131387  |4 aut 
245 1 0 |a Století zázraků /  |c Jaromír Štětina ; [doslovem opatřila Dagmar Volencová] 
250 |a Vyd. 1. 
260 |a Praha :  |b Nakladatelství Lidové noviny,  |c 2000 
300 |a 367 s. :  |b il. ;  |c 20 cm 
490 1 |a Mormolyce ;  |v sv. 13 
655 7 |a české povídky  |7 fd133971  |2 czenas 
700 1 |a Volencová, Dagmar,  |d 1951-  |7 xx0016758  |4 wfw 
830 0 |a Mormolyce  |0 s 
856 4 1 |u http://www.digitalniknihovna.cz/mzk/uuid/uuid:afbb5a50-ef66-11e2-9923-005056827e52  |y Digitalizovaný dokument  |x NDK 
910 |a BOA001  |b 2-1071.021 
990 |a BK 
996 6 |b 2610111545  |c 2-1071.021  |l MZK  |r Sklad / do 1 hodiny  |n 14  |p p.v.  |w 000466356  |u 000010  |a 1  |e BOA001  |j MZK50  |s P 
996 7 |b 2610892458  |c 2-1071.021  |l MZK  |r Sklad / do 1 hodiny  |n 0  |p dar  |w 000466356  |u 000020  |a 1  |e BOA001  |j MZK50  |s A